| Tag |
First Indicator |
Second Indicator |
Subfields |
| LEADER |
00000cas a2200000Ia 4500 |
| 001 |
in00002000715 |
| 005 |
20151031123026.0 |
| 008 |
040614c20039999txuar p s0 a0eng d |
| 035 |
|
|
|a (OCoLC)ocm55648448
|
| 040 |
|
|
|a IKM
|c IKM
|d TXA
|d UtOrBLW
|
| 049 |
|
|
|a TXAM
|
| 086 |
|
|
|a H600.6 B63
|2 txdocs
|
| 130 |
0 |
|
|a Board bulletin (Texas State Board of Social Worker Examiners)
|
| 245 |
1 |
0 |
|a Board bulletin /
|c Texas State Board of Social Worker Examiners.
|
| 264 |
|
1 |
|a [Austin, Tex.] :
|b Texas State Board of Social Worker Examiners,
|c [2003]-
|
| 300 |
|
|
|a volumes ;
|c 28 cm.
|
| 310 |
|
|
|a Annual
|
| 336 |
|
|
|a text
|b txt
|2 rdacontent
|
| 337 |
|
|
|a unmediated
|b n
|2 rdamedia
|
| 338 |
|
|
|a volume
|b nc
|2 rdacarrier
|
| 362 |
0 |
|
|a Spring 2003-
|
| 500 |
|
|
|a Title from caption.
|
| 650 |
|
0 |
|a Social service
|z Texas
|v Periodicals.
|
| 650 |
|
0 |
|a Social workers
|z Texas
|v Periodicals.
|
| 710 |
2 |
|
|a Texas State Board of Social Worker Examiners.
|
| 994 |
|
|
|a C0
|b TXA
|
| 948 |
|
|
|a cataloged
|b h
|c 2004/10/13
|e avega
|f 1:24:17 pm
|
| 999 |
|
|
|a MARS
|
| 999 |
f |
f |
|s da941d87-39ee-3bc6-9625-e24d62b86424
|i f7ac2aac-05a0-3af1-840f-c9aafe3098cc
|t 0
|
| 952 |
f |
f |
|p serial
|a Texas A&M University
|b College Station
|c Sterling C. Evans Library
|d Evans: Texas Documents (Annex 5th floor)
|t 0
|e H600.6 B63
|h Superintendent of Documents classification
|i unmediated -- volume
|k 2003:Spring
|m A14832119426
|
| 998 |
f |
f |
|a H600.6 B63
|s 2003:Spring
|t 0
|l Evans: Texas Documents (Annex 5th floor)
|